| 000 | 01326nam a2200349 a 4500 | ||
|---|---|---|---|
| 001 | ebr5003126 | ||
| 003 | CaPaEBR | ||
| 006 | m u | ||
| 007 | cr cn||||||||| | ||
| 008 | 990706s1999 enkb sb 001 0 eng | ||
| 015 | _aGB99-Z1655 | ||
| 016 | 7 |
_a1857289331 _2Uk |
|
| 020 | _z1857289331(cased) | ||
| 020 | _z185728934X(pbk.) | ||
| 040 |
_aCaPaEBR _cCaPaEBR |
||
| 035 | _a(OCoLC)50174676 | ||
| 050 | 1 | 4 |
_aDC125 _b.B53 1999eb |
| 082 | 0 | 4 |
_a944.03 _221 |
| 100 | 1 | _aBlack, Jeremy. | |
| 245 | 1 | 0 |
_aFrom Louis XIV to Napoleon _h[electronic resource] : _bthe fate of a great power / _cJeremy Black. |
| 260 |
_aLondon : _bUCL Press, _c1999. |
||
| 300 |
_axvi,287 p. : _bmaps. |
||
| 504 | _aIncludes bibliographical references and index. | ||
| 533 |
_aElectronic reproduction. _bPalo Alto, Calif. : _cebrary, _d2013. _nAvailable via World Wide Web. _nAccess may be limited to ebrary affiliated libraries. |
||
| 651 | 0 |
_aFrance _xHistory _yLouis XIV, 1643-1715. |
|
| 651 | 0 |
_aFrance _xHistory _y18th century. |
|
| 651 | 0 |
_aFrance _xForeign relations _y1643-1715. |
|
| 651 | 0 |
_aFrance _xForeign relations _y1715-1793. |
|
| 655 | 7 |
_aElectronic books. _2local |
|
| 710 | 2 | _aebrary, Inc. | |
| 856 | 4 | 0 |
_uhttp://site.ebrary.com/lib/rucke/Doc?id=5003126 _zAn electronic book accessible through the World Wide Web; click to view |
| 999 |
_c1801 _d1801 |
||